000 00568cam a22002051 4500
001 he 68000590
003 DLC
005 20260227111454.0
008 840406s1967 is j 000 0 heb
010 _ahe 68000590
035 _a(OCoLC)19155972
040 _aDLC
_cMH
_dDLC
042 _apremarc
050 0 0 _aPZ90.H3
_bO4
100 1 _aʻOmer, Devorah,
_d1932-
245 1 0 _aHarpatkaʼot ʻOmri be-Meḳsiḳo /
_ctsiyurim: Aryeh Moshḳovits.
260 _a[Tel Aviv] :
_bʻAmiḥai,
_c[1967]
300 _a177 p. :
_bill. ;
_c22 cm.
752 _aIsrael
_dTel Aviv
999 _c32984
_d32984